000 00961nam a2200301 u 4500
001 000002036
003 DO-SdBPM
005 20250625123020.0
007 ta
008 090630s2005 dr r 000 0 spa d
020 _a9993494682
040 _aDO-SdBPM
_bspa
_cBPMSU
_drda
082 4 _aRD861.44
_bL864a 2005
_222
100 1 _aLópez Cabral, Dionisio,
_d1956-
_eautor
245 1 0 _aAlegoría vital /
_cDionisio López Cabral.
264 _aSan Francisco de Macorís :
_bÁngeles de Fierro,
_c2005.
300 _a74 páginas . ;
_c19 cm.
336 _atexto
_btxt
_2rdacontent
337 _asin mediación
_bn
_2rdamedia
338 _avolumen
_bnc
_2rdacarrier
500 _aIncluye datos biográficos de autor en la solapa de la cubierta
590 _aInventariado, 2025/VM
650 7 _aPoesía dominicana
650 7 _aLiteratura dominicana.
650 z _aDominican literature
910 _aVMateo V. Control de calidad BPMSU
942 _2ddc
_cBK
999 _c15218
_d15218